[Event "Foment Martinenc op-B 15th"]
[Site "Barcelona"]
[Date "2013.06.15"]
[Round "9"]
[White "Cardo Llagostera, Joana Llum"]
[Black "Olvera Anton, Alejandro"]
[Result "1/2-1/2"]
[WhiteElo "1620"]
[BlackElo "1860"]
[PlyCount "91"]
[EventDate "2013.04.20"]
[EventType "swiss"]
[EventRounds "9"]
[EventCountry "ESP"]
[SourceTitle "CBM 154 Extra"]
[Source "ChessBase"]
[SourceDate "2013.06.25"]
[SourceVersion "2"]
[SourceVersionDate "2013.06.25"]
[SourceQuality "1"]

1. c4 e5 2. Nc3 Nf6 3. g3 Nc6 4. Bg2 Bc5 5. d3 h6 6. Nf3 d6 7. 0-0 0-0 8. a3 a5 9. Bd2 Bf5 10. Na4 Qe7 11. Nxc5 dxc5 12. Qb3 b6 13. Rfd1 Rad8 14. Bc3 Nd4 15. Bxd4 cxd4 16. Rd2 Qe6 17. Qb5 Rfe8 18. Rc1 Bh3 19. c5 Bxg2 20. Kxg2 Qd5 21. Qc4 Qxc4 22. Rxc4 b5 23. Rc1 c6 24. Ra1 Rd5 25. b4 a4 26. Rad1 g6 27. h3 Nh7 28. Rf1 Kg7 29. Ne1 f5 30. Nc2 g5 31. f3 h5 32. g4 hxg4 33. hxg4 f4 34. Rh1 Nf6 35. Rdd1 Rh8 36. Rxh8 Kxh8 37. Kf2 Kg7 38. Rh1 Rd8 39. Kg2 Rh8 40. Rxh8 Kxh8 41. Kf2 Nd5 42. Ke1 Kg7 43. Kd2 Kf6 44. Kc1 Ke6 45. Kd2 Nc3 46. Ke1 1/2-1/2

[Event "Foment Martinenc op-B 15th"]
[Site "Barcelona"]
[Date "2013.04.20"]
[Round "1"]
[White "Cardo Llagostera, Joana Llum"]
[Black "Olleta Tanya, Jordi"]
[Result "1-0"]
[WhiteElo "1620"]
[BlackElo "1527"]
[PlyCount "121"]
[EventDate "2013.04.20"]
[EventType "swiss"]
[EventRounds "9"]
[EventCountry "ESP"]
[SourceTitle "CBM 154 Extra"]
[Source "ChessBase"]
[SourceDate "2013.06.25"]
[SourceVersion "2"]
[SourceVersionDate "2013.06.25"]
[SourceQuality "1"]

1. c4 e5 2. Nc3 Nc6 3. g3 Bc5 4. Bg2 a6 5. Nf3 d6 6. 0-0 Nd4 7. e3 Nf5 8. d4 exd4 9. exd4 Ba7 10. Re1+ Kf8 11. Bf4 c6 12. c5 Bb8 13. d5 Nfe7 14. dxc6 Nxc6 15. Bxd6+ Bxd6 16. Qxd6+ Qxd6 17. cxd6 Bd7 18. Ne5 Nf6 19. Nxd7+ Nxd7 20. Bh3 Nde5 21. Re2 Rd8 22. Rd1 Nf3+ 23. Kg2 Nfd4 24. Red2 Rxd6 25. Ne2 Ke7 26. Nxd4 Nxd4 27. Rxd4 Rb6 28. Re1+ Kf6 29. b3 g6 30. Rf4+ Kg7 31. Re7 Rf8 32. Kf1 Rb5 33. Bg2 b6 34. Ra7 a5 35. Rb7 g5 36. Rc4 Rd8 37. Bc6 Re5 38. Rxb6 Rd1+ 39. Kg2 Rd2 40. Rb5 Ree2 41. Rf5 Rxa2 42. Ba4 Kg6 43. Rcc5 h6 44. Rxa5 Re7 45. Rfe5 Rc7 46. Ra6+ Kg7 47. Rf5 Re7 48. Rff6 Ree2 49. Bb5 Rxa6 50. Rxa6 Re7 51. Bc4 Rc7 52. Ra1 Kf8 53. Rc1 Ke7 54. Rb1 Kf8 55. Bd3 Ke7 56. b4 Rd7 57. Rb3 Rd6 58. b5 Rb6 59. Kf3 Kd6 60. Ra3 Ke5 61. Ra6 1-0

[Event "Tarragona-ch"]
[Site "Tarragona"]
[Date "2003.??.??"]
[Round "8"]
[White "Cardo Llagostera, Joana Llum"]
[Black "Trenchs Agulle, Magi"]
[Result "1/2-1/2"]
[WhiteElo "2030"]
[BlackElo "1930"]
[PlyCount "62"]
[EventDate "2003.??.??"]
[EventType "swiss"]
[EventRounds "9"]
[EventCountry "ESP"]
[SourceTitle "EXT 2007"]
[Source "ChessBase"]
[SourceDate "2006.11.23"]
[SourceVersion "1"]
[SourceVersionDate "2006.11.23"]
[SourceQuality "1"]

1. d4 Nf6 2. c4 e6 3. Nf3 c5 4. d5 exd5 5. cxd5 d6 6. Nc3 Bg4 7. Bg5 Be7 8. Bxf6 Bxf6 9. Qa4+ Bd7 10. Qb3 Qb6 11. e4 Qxb3 12. axb3 Bxc3+ 13. bxc3 f6 14. Bd3 a5 15. 0-0 Ke7 16. Ra3 b6 17. b4 Na6 18. bxa5 b5 19. Rb1 c4 20. Bc2 Rhb8 21. Nd4 b4 22. cxb4 Nxb4 23. f3 Nxc2 24. Rxb8 Rxb8 25. Nxc2 Rb1+ 26. Kf2 Rb2 27. a6 Rxc2+ 28. Kg3 Bc8 29. a7 Bb7 30. a8Q Bxa8 31. Rxa8 c3 1/2-1/2

[Event "Tarragona-ch"]
[Site "Tarragona"]
[Date "2003.??.??"]
[Round "7"]
[White "Guasch Murtra, Josep Maria"]
[Black "Cardo Llagostera, Joana Llum"]
[Result "1/2-1/2"]
[WhiteElo "2175"]
[BlackElo "2030"]
[PlyCount "89"]
[EventDate "2003.??.??"]
[EventType "swiss"]
[EventRounds "9"]
[EventCountry "ESP"]
[SourceTitle "EXT 2007"]
[Source "ChessBase"]
[SourceDate "2006.11.23"]
[SourceVersion "1"]
[SourceVersionDate "2006.11.23"]
[SourceQuality "1"]

1. e4 c5 2. Nf3 Nc6 3. Nc3 d6 4. d4 cxd4 5. Nxd4 e5 6. Nf3 Nf6 7. Bg5 Be7 8. Bxf6 Bxf6 9. Nd5 0-0 10. Bc4 g6 11. 0-0 Bg4 12. c3 Bg7 13. h3 Be6 14. Qd2 Qc8 15. Bb5 Kh8 16. Rad1 Rd8 17. Qg5 Bxd5 18. Rxd5 f6 19. Qd2 Bf8 20. Rd1 a6 21. Be2 b5 22. Nh2 Qe6 23. Nf1 Ra7 24. Ne3 f5 25. Bf3 f4 26. Nf1 Rg7 27. a4 bxa4 28. Qc2 h5 29. Qxa4 Qc8 30. Ra1 Rb7 31. b4 Nb8 32. Ra3 Rc7 33. Qb3 Qd7 34. Be2 Rdc8 35. Qb2 Qc6 36. Nd2 Qb7 37. Rda5 Rc6 38. Qa1 Qc7 39. Nb1 Qb7 40. Qa2 Rb6 41. f3 Qa7 42. Kh2 Rxb4 43. Nd2 Qf2 44. Nf1 Rb7 45. Qe6 1/2-1/2